Statistics for U.S. State Capitals By Interstate Highways

Click here to take the quiz!

General Stats

  • This quiz has been taken 41 times
    (40 since last reset)
  • The average score is 28 of 44

Answer Stats

InterstatesCapital City% Correct
95Augusta | Providence
85%
H1Honolulu
79%
10Tallahassee
76%
65, 69, 70, 74Indianapolis
73%
5, 80Sacramento
73%
90, 93, 95Boston
70%
35, 80Des Moines
70%
24, 40, 65Nashville
70%
10, 17Phoenix
70%
5Salem | Olympia
70%
15, 80Salt Lake City
70%
94Bismarck
67%
25, 80Cheyenne
67%
25, 70, 76Denver
67%
80Lincoln
67%
35, 94Saint Paul
67%
35Austin
64%
10, 12Baton Rouge
64%
80*Carson City
64%
69, 96Lansing
64%
25Santa Fe
64%
70, 35*Topeka
64%
87, 90Albany
61%
97Annapolis
61%
70, 71Columbus
61%
89, 93Concord
61%
15Helena
61%
55, 20Jackson
61%
30, 40Little Rock
61%
35, 40, 44Oklahoma City
61%
40, 87Raleigh
61%
64, 95Richmond
61%
55, 72Springfield
61%
20, 75, 85Atlanta
58%
84Boise
58%
20, 26, 77Columbia
58%
64Frankfort
58%
76, 81, 83Harrisburg
58%
90, 94Madison
58%
65, 85Montgomery
58%
84, 91Hartford
55%
95*Trenton
55%
89Montpelier
52%
64, 77, 79Charleston
45%

Score Distribution

Percentile by Number Answered

Percent of People with Each Score

Your Score History

You have not taken this quiz since the last reset